Statistics for Biggest Cities In Europe starting with I and J

Click here to take the quiz!

General Stats

  • This quiz has been taken 45 times
  • The average score is 4 of 12

Answer Stats

PopulationCountryAnswer% Correct
15,029,000TurkeyIstanbul
95%
130,000AustriaInnsbruck
59%
213,000SpainJerez de la Frontera
39%
133,000United KingdomIpswich
29%
110,000SpainJena
27%
348,000RomaniaIasi
24%
139,000FinlandJyväskylä
24%
131,000GermanyIngolstadt
20%
654,000RussiaIzhevsk
15%
116,000GermanyJaen
15%
234,000UkraineIvano-Frankivsk
10%
459,000RussiaIvanovo
10%

Score Distribution

Percentile by Number Answered

Percent of People with Each Score

Your Score History

You have not taken this quiz